000 00459nam a22001937a 4500
003 MPLRDC
005 20220104113955.0
008 210129b ||||| |||| 00| 0 eng d
020 _a957-9159-24-6
082 _a848.2 WDJ v.5
100 _a王鼎钧著
245 _a左心房漩涡
_c
250 _a十四印
260 _a
_b尔雅出版社
_c1991
300 _b
490 _a尔雅丛书;223
650 _a现代别集
942 _cBK
_o848.2 WDJ v.5
999 _c3827
_d3817